|
|
|
|
| LEADER |
00000nkmaa2200000 a 4500 |
| 001 |
vtls010627095 |
| 003 |
SK-MaSNL |
| 005 |
20260331210149.0 |
| 007 |
kh bo |
| 008 |
231204q1905 xo ||00 k|slo |
| 035 |
|
|
|a 6EAD632C-9056-4C0A-8DD9-736048D94628
|
| 035 |
|
|
|a urn:nbn:sk:snk-kmxw1w
|
| 035 |
|
|
|a urn:nbn:sk:snk-km001kog
|
| 040 |
|
|
|a SNKLA
|b slo
|c SNKLA
|e AACR2
|
| 041 |
0 |
|
|a slo
|
| 043 |
|
|
|a e-xo---
|
| 044 |
|
|
|a xo
|c SK
|
| 100 |
1 |
|
|a Protopopov, Sergej,
|d 1895-1976
|4 pht
|9 47968
|
| 245 |
1 |
0 |
|a Banská Štiavnica
|h [grafika]
|c Foto akad. maliar S. Protopopov
|
| 260 |
|
|
|a [Slovensko?]
|b [vydavateľ neznámy]
|c [medzi 1905 a 1941?]
|
| 300 |
|
|
|a 1 pohľadnica
|b čiernobiela
|c 9x14 cm
|
| 651 |
|
7 |
|a Banská Štiavnica (Slovensko)
|2 SNKPH
|9 16373
|
| 651 |
|
7 |
|a Slovensko
|2 SNKPH
|9 14231
|
| 655 |
|
7 |
|a geografické pohľadnice
|2 SNKPH
|9 70522
|
| 958 |
|
|
|a BLA
|
| 999 |
|
|
|c 669073
|d 671003
|
| 952 |
|
|
|a SNKLA
|b SNKLA
|c SNKLA_DEP
|y NEVYP
|7 0
|p 17A1006023
|o snkPB 10/34
|i snkLA 4208/1984
|0 0
|1 0
|4 0
|d 2014-10-09
|f 1
|l 0
|r 2026-02-23 19:21:21
|w 2026-02-23
|